Реклама в социально-культурном сервисе и туризме: учебник для вузов

Detalles Bibliográficos
Autor Principal: Морозова Н. С. Наталья Степановна
Outros autores: Морозов М. А. Михаил Анатольевич
Summary:В учебнике рассмотрены основные принципы организации рекламной деятельности на предприятиях социально-культурного сервиса и туризма, средства распространения рекламной информации, взаимосвязь маркетинговой и рекламной стратегии фирмы, организация и планирование рекламной кампании, показаны возможности взаимодействия предприятий сервиса и рекламных агентств. Проанализированы правовые вопросы рекламной деятельности, вопросы регистрации и использования товарных знаков и фирменного стиля предприятий социально-культурной сферы, что особенно важно для современного рекламодателя. Для студентов вузов.
Idioma:ruso
Publicado: Москва, Академия, 2005
Edición:2-е изд., стер.
Series:Высшее профессиональное образование. Туризм
Subjects:
Formato: Libro
KOHA link:https://koha.lib.tpu.ru/cgi-bin/koha/opac-detail.pl?biblionumber=99711

MARC

LEADER 00000nam0a2200000 4500
001 99711
005 20231031111828.0
010 |a 5769524006 
035 |a (RuTPU)RU\TPU\book\107057 
090 |a 99711 
100 |a 20060711d2005 m y0rusy50 ca 
101 0 |a rus 
102 |a RU 
105 |a y j 001zy 
200 1 |a Реклама в социально-культурном сервисе и туризме  |e учебник для вузов  |f Н. С. Морозова, М. А. Морозов 
205 |a 2-е изд., стер. 
210 |a Москва  |c Академия  |d 2005 
215 |a 336 с. 
225 1 |a Высшее профессиональное образование. Туризм 
320 |a Библиогр.: с. 330-331. 
330 |a В учебнике рассмотрены основные принципы организации рекламной деятельности на предприятиях социально-культурного сервиса и туризма, средства распространения рекламной информации, взаимосвязь маркетинговой и рекламной стратегии фирмы, организация и планирование рекламной кампании, показаны возможности взаимодействия предприятий сервиса и рекламных агентств. Проанализированы правовые вопросы рекламной деятельности, вопросы регистрации и использования товарных знаков и фирменного стиля предприятий социально-культурной сферы, что особенно важно для современного рекламодателя. Для студентов вузов. 
451 1 |0 (RuTPU)RU\TPU\book\124622  |y 978-5-7695-3909-1  |t Реклама в социально-культурном сервисе и туризме  |o учебник для вузов  |f Н. С. Морозова, М. А. Морозов  |e 3-е изд., испр. и доп.  |c М.  |n Академия  |d 2007  |p 336 с.  |a Морозова, Наталья Степановна 
451 1 |0 (RuTPU)RU\TPU\book\71808  |y 5-7695-1434-5  |t Реклама в социально-культурном сервисе и туризме  |o учебник для вузов  |f Н. С. Морозова, М. А. Морозов  |c М.  |n Академия  |d 2003  |p 333 с.  |s Высшее профессиональное образование  |a Морозова, Наталья Степановна 
610 1 |a реклама 
610 1 |a рекламная деятельность 
610 1 |a туризм 
610 1 |a социально-культурный сервис 
610 1 |a рекламные средства 
610 1 |a рекламные кампании 
610 1 |a планирование 
610 1 |a рекламные агентства 
610 1 |a выставочная деятельность 
610 1 |a учебники 
675 |a 659(075.8)  |v 3 
686 |a У9(2)43я73  |v LBC/SL-A  |2 rubbk 
700 1 |a Морозова  |b Н. С.  |g Наталья Степановна 
701 1 |a Морозов  |b М. А.  |g Михаил Анатольевич 
801 1 |a RU  |b 63413507  |c 20060711  |g PSBO 
801 2 |a RU  |b 63413507  |c 20170330  |g PSBO 
900 |a Реклама в социально-культурной сфере и туризме 
900 |a Реклама в туризме 
942 |c BK 
951 |b 100202 
959 |a 66/20060710  |d 2  |e 0  |f АНЛ:1  |f ЧЗГЛ:1